Welcome to CU Library Online Public Access Catalogue (OPAC)

EU law / (Record no. 96)

MARC details
000 -LEADER
fixed length control field 00777cam a22002294a 4500
001 - CONTROL NUMBER
control field 15365207
005 - DATE AND TIME OF LATEST TRANSACTION
control field 20241021102800.0
008 - FIXED-LENGTH DATA ELEMENTS--GENERAL INFORMATION
fixed length control field 080714s2009 enka b 001 0 eng
020 ## - INTERNATIONAL STANDARD BOOK NUMBER
International Standard Book Number 9781405821933 (pbk. : alk. paper)
020 ## - INTERNATIONAL STANDARD BOOK NUMBER
International Standard Book Number 1405821930 (pbk. : alk. paper)
050 00 - LIBRARY OF CONGRESS CALL NUMBER
Classification number KJE947
Item number .K57 2009
082 00 - DEWEY DECIMAL CLASSIFICATION NUMBER
Classification number 341.242/2
Edition information 22
100 1# - MAIN ENTRY--PERSONAL NAME
Personal name Kirk, Ewan.
245 10 - TITLE STATEMENT
Title EU law /
Statement of responsibility, etc. Ewan Kirk.
250 ## - EDITION STATEMENT
Edition statement First Edition
260 ## - PUBLICATION, DISTRIBUTION, ETC.
Place of publication, distribution, etc. Harlow, England ;
-- New York :
Name of publisher, distributor, etc. Pearson/Longman,
Date of publication, distribution, etc. c2009.
300 ## - PHYSICAL DESCRIPTION
Extent xvii, 127 p. :
Other physical details ill. ,Glossary of Terms, Index;
Dimensions 21 cm.
440 #0 - SERIES STATEMENT/ADDED ENTRY--TITLE
Title Law express
500 ## - GENERAL NOTE
General note EU Law Express - Helps understand quickly. Revise effectively. Take exams with confidence.
650 #0 - SUBJECT ADDED ENTRY--TOPICAL TERM
Topical term or geographic name entry element Law
Geographic subdivision European Union countries.
942 ## - ADDED ENTRY ELEMENTS (KOHA)
Source of classification or shelving scheme Library of Congress Classification
Koha item type Books
Edition First Edition
Suppress in OPAC No
999 ## -
-- 96
-- 96
Holdings
Withdrawn status Lost status Source of classification or shelving scheme Damaged status Not for loan Collection Home library Current library Shelving location Date acquired Total checkouts Full call number Barcode Date last seen Copy number Price effective from Koha item type
    Library of Congress Classification     Non-fiction Law Library (Christ Temple) Law Library (Christ Temple) General stacks 01/22/2025   KJE947.K63 KIR LLCT00000260 01/22/2025 2 01/22/2025 Books
    Library of Congress Classification     Non-fiction Law Library (Kumasi) Law Library (Kumasi) General stacks 04/16/2026   KJE947.K57 KIR llk00000159 04/16/2026   04/16/2026 Books
    Library of Congress Classification     Non-fiction Law Library (Miotso) Law Library (Miotso) Reference 10/21/2024   KJE947.K57 KIR llm00000181 10/21/2024 1 10/21/2024 Books
© 2023-2024 Copyright: Central University Libraries. All Rights Reserved | Created by: Mahone Tech Office